<?xml version="1.0" encoding="UTF-8"?>
<record
    xmlns:xsi="http://www.w3.org/2001/XMLSchema-instance"
    xsi:schemaLocation="http://www.loc.gov/MARC21/slim http://www.loc.gov/standards/marcxml/schema/MARC21slim.xsd"
    xmlns="http://www.loc.gov/MARC21/slim">

  <leader>01339nam0a2200301   4500</leader>
  <controlfield tag="001">RU\NLR\BIBL_A\022045814</controlfield>
  <controlfield tag="005">20250128194045.0</controlfield>
  <datafield tag="010" ind1=" " ind2=" ">
    <subfield code="a">978-5-9222-1706-4</subfield>
    <subfield code="9">200</subfield>
  </datafield>
  <datafield tag="021" ind1=" " ind2=" ">
    <subfield code="a">RU</subfield>
    <subfield code="b">&#x41A;&#x41D;-&#x41F;-23-049200</subfield>
    <subfield code="9">&#x41A;&#x41D;-&#x41F;-23-4928</subfield>
  </datafield>
  <datafield tag="035" ind1=" " ind2=" ">
    <subfield code="a">(NLR Aleph) 022045814</subfield>
  </datafield>
  <datafield tag="090" ind1=" " ind2=" ">
    <subfield code="a">13317747</subfield>
    <subfield code="c">13317747</subfield>
  </datafield>
  <datafield tag="100" ind1=" " ind2=" ">
    <subfield code="a">20231011d2023    c  y0rusy50      ca</subfield>
  </datafield>
  <datafield tag="101" ind1="0" ind2=" ">
    <subfield code="a">tat</subfield>
  </datafield>
  <datafield tag="102" ind1=" " ind2=" ">
    <subfield code="a">RU</subfield>
  </datafield>
  <datafield tag="105" ind1=" " ind2=" ">
    <subfield code="a">a   z   000 y</subfield>
  </datafield>
  <datafield tag="181" ind1=" " ind2="0">
    <subfield code="a">i </subfield>
    <subfield code="b">axxe  </subfield>
  </datafield>
  <datafield tag="182" ind1=" " ind2="0">
    <subfield code="a">n</subfield>
  </datafield>
  <datafield tag="200" ind1="1" ind2=" ">
    <subfield code="a">&#x422;&#x430;&#x442;&#x430;&#x440; &#x431;&#x430;&#x43B;&#x430;&#x43B;&#x430;&#x440; &#x4D9;&#x434;&#x4D9;&#x431;&#x438;&#x44F;&#x442;&#x44B; (XX &#x433;&#x430;&#x441;&#x44B;&#x440; &#x430;&#x445;&#x44B;&#x440;&#x44B; - XXI &#x433;&#x430;&#x441;&#x44B;&#x440; &#x431;&#x430;&#x448;&#x44B;)</subfield>
    <subfield code="d">&#x422;&#x430;&#x442;&#x430;&#x440;&#x441;&#x43A;&#x430;&#x44F; &#x434;&#x435;&#x442;&#x441;&#x43A;&#x430;&#x44F; &#x43B;&#x438;&#x442;&#x435;&#x440;&#x430;&#x442;&#x443;&#x440;&#x430; (&#x43A;&#x43E;&#x43D;&#x435;&#x446; XX - &#x43D;&#x430;&#x447;&#x430;&#x43B;&#x43E; XXI &#x432;.)</subfield>
    <subfield code="e">[&#x441;&#x435;&#x431;&#x435;&#x440; &#x442;&#x430;&#x442;&#x430;&#x440;&#x43B;&#x430;&#x440;&#x44B; &#x4D9;&#x434;&#x4D9;&#x431;&#x438;&#x44F;&#x442;&#x44B;]</subfield>
    <subfield code="e">&#x445;&#x440;&#x435;&#x441;&#x442;&#x43E;&#x43C;&#x430;&#x442;&#x438;&#x44F;</subfield>
    <subfield code="f">[&#x442;&#x4E9;&#x437;.-&#x430;&#x432;&#x442;.: &#x41B;. &#x425;. &#x424;&#x4D9;&#x438;&#x437;&#x43E;&#x432;&#x430;, &#x413;. &#x427;. &#x424;&#x4D9;&#x439;&#x437;&#x443;&#x43B;&#x43B;&#x438;&#x43D;&#x430;]</subfield>
  </datafield>
  <datafield tag="203" ind1=" " ind2=" ">
    <subfield code="a">&#x422;&#x435;&#x43A;&#x441;&#x442;</subfield>
    <subfield code="b">&#x432;&#x438;&#x437;&#x443;&#x430;&#x43B;&#x44C;&#x43D;&#x44B;&#x439;</subfield>
    <subfield code="c">&#x43D;&#x435;&#x43F;&#x43E;&#x441;&#x440;&#x435;&#x434;&#x441;&#x442;&#x432;&#x435;&#x43D;&#x43D;&#x44B;&#x439;</subfield>
  </datafield>
  <datafield tag="210" ind1=" " ind2=" ">
    <subfield code="a">&#x41A;&#x430;&#x437;&#x430;&#x43D;</subfield>
    <subfield code="c">&#x41E;&#x442;&#x435;&#x447;&#x435;&#x441;&#x442;&#x432;&#x43E;</subfield>
    <subfield code="d">2023</subfield>
  </datafield>
  <datafield tag="215" ind1=" " ind2=" ">
    <subfield code="a">93,[1] &#x431;.</subfield>
    <subfield code="c">&#x446;&#x432;. &#x438;&#x43B;.</subfield>
    <subfield code="d">21</subfield>
  </datafield>
  <datafield tag="541" ind1="1" ind2=" ">
    <subfield code="a">&#x422;&#x430;&#x442;&#x430;&#x440;&#x441;&#x43A;&#x430;&#x44F; &#x434;&#x435;&#x442;&#x441;&#x43A;&#x430;&#x44F; &#x43B;&#x438;&#x442;&#x435;&#x440;&#x430;&#x442;&#x443;&#x440;&#x430; (&#x43A;&#x43E;&#x43D;&#x435;&#x446; XX - &#x43D;&#x430;&#x447;&#x430;&#x43B;&#x43E; XXI &#x432;.)</subfield>
    <subfield code="e">[&#x442;&#x432;&#x43E;&#x440;&#x447;&#x435;&#x441;&#x442;&#x432;&#x43E; &#x441;&#x438;&#x431;&#x438;&#x440;. &#x442;&#x430;&#x442;&#x430;&#x440;]: &#x445;&#x440;&#x435;&#x441;&#x442;&#x43E;&#x43C;&#x430;&#x442;&#x438;&#x44F;.</subfield>
    <subfield code="z">rus</subfield>
  </datafield>
  <datafield tag="686" ind1="1" ind2=" ">
    <subfield code="a">&#x428;5(2=&#x422;&#x430;&#x442;)7 &#x44F;71</subfield>
  </datafield>
  <datafield tag="702" ind1=" " ind2="1">
    <subfield code="a">&#x424;&#x4D9;&#x438;&#x437;&#x43E;&#x432;&#x430;</subfield>
    <subfield code="b">&#x41B;. &#x425;.</subfield>
    <subfield code="4">220</subfield>
  </datafield>
  <datafield tag="852" ind1=" " ind2=" ">
    <subfield code="a">NLR</subfield>
    <subfield code="b">&#x41E;&#x41D;&#x41B;</subfield>
    <subfield code="j">&#x422;&#x430;&#x442;&#x430;&#x440;./3-13398</subfield>
  </datafield>
  <datafield tag="942" ind1=" " ind2=" ">
    <subfield code="c">BOOK</subfield>
  </datafield>
  <datafield tag="980" ind1=" " ind2=" ">
    <subfield code="a">NB</subfield>
  </datafield>
  <datafield tag="995" ind1=" " ind2=" ">
    <subfield code="5">2023-10-11</subfield>
    <subfield code="a">ad</subfield>
    <subfield code="b">NLR01</subfield>
    <subfield code="c">NLR01</subfield>
    <subfield code="e">ONL</subfield>
    <subfield code="f">1-3005571</subfield>
    <subfield code="k">&#x41E;&#x41D;&#x41B; &#x422;&#x430;&#x442;&#x430;&#x440;./3-13398</subfield>
    <subfield code="o">0</subfield>
    <subfield code="r">BOOK</subfield>
    <subfield code="s">_313398</subfield>
  </datafield>
</record>
